1355 1588 1773 1292 1002 1366 1130 1335 1226 1625 1621 1411 1479 1934 1065 1805 1389 1746 1931 1574 1539 1598 2000 1539 1233 1031 1007 1598 1931 1544 1942 1415 1742 1492 1199 1606 1006 1408 1137 1230 1109 1225 1704 1603 1355 1629 1497 1627 1206 1912 1186 1144 1722 1197 1498 1230 1689 1724 1279 1025 1474 1931 1700 1210 1677 1312 1640 1054 1007 1221 1679 1113 1907 1760 1164 1820 1440 1610 1307 1046 1942 1848 1814 1944 1154 1327 1616 1201 1277 1709 1747 1079 1278 1326 1509 1571 1731 1031 1320 BCNSPRNW ULIB Ver.6.0+V

เปลี่ยนเป็นภาษาไทย

Change to English
 แสดงรายละเอียดบรรณานุกรม
  กลับหน้าหลัก

Brief Record : Get Marc (ISO 2709) : E-mail record : QR code < ปิดหน้าต่าง
LEADER : 00000nam 2200000uu 4500
001    13399127166
003     ULIB
008    191018s2561||||th 000 0 tha d
020 ^- ^a9786160034796
050 ^- ^aนว.^bณ149ห
100 ^- ^aณพรรษธ์สรฌ์.
245 10 ^aหวานร้ายละลายรัก /^cณพรรษธ์สรฌ์.
250 ^- ^aพิมพ์ครั้งที่ 1.
260 ^- ^aกรุงเทพฯ :^bบริษัทสถาพรบุ๊คส์ จำกัด,^c2561
300 ^- ^a327 หน้า.
945    ^p230^l0^i006352
999    ^aประนอม เกษจรัล
รายการนี้ยังไม่มีแท็ก
คุณยังไม่ได้ล็อกอิน คุณสามารถมีกิจกรรมร่วมกับเว็บไซต์ได้ แต่ต้องล็อกอินก่อน ::
  ล็อกอิน

รายการสื่อสารสนเทศ

ลำดับที่ ประเภท เลขเรียก/บาร์โค้ด สถานที่ สถานะ
1. นวนิยาย
นวนิยาย
นว. ณ149ห ฉ.1 
  Barcode: 006352
ห้องสมุดวิทยาเขตนครสวรรค์
►นวนิยาย:l:Fiction
บนชั้น

รายการใกล้เคียง
    ผู้แต่ง [ณพรรษธ์สรฌ์.]

BibComment


ยังไม่เคยถูกคอมเมนท์

คอมเมนท์ทรัพยากรรายการนี้
  คอมเมนท์: หวานร้ายละลายรัก..


 Copyright 2026. Bcnsprnw @Library